Normal view
MARC view
Entry Geographic Name
001 - CONTROL NUMBER
- control field: 21902
003 - CONTROL NUMBER IDENTIFIER
- control field: ARRUPE
005 - DATE AND TIME OF LATEST TRANSACTION
- control field: 20160128112346.0
008 - FIXED-LENGTH DATA ELEMENTS
- fixed length control field: 160128|| aca||aabn | a|a d
040 ## - CATALOGING SOURCE
- Original cataloging agency: ARRUPE
- Transcribing agency: ARRUPE
151 ## - HEADING--GEOGRAPHIC NAME
- Geographic name: South Africa
- General subdivision: Description and travel.
670 ## - SOURCE DATA FOUND
- Source citation: Work cat.: (ARRUPE)0: Waal, D. C. de (David Christiaan), 1845-1909. 21901, With Rhodes in Mashonaland., 1896.